Culture and related corporate realities

Bibliographic Details
Main Author: Sathe Vijay
Format: Book
Published: McGraw-Hill , 1985
Subjects:

MARC

LEADER 00000cam a2200000 7i4500
001 0000010466
005 20050428.0
020 |a 0256031428 
040 |a INS 
090 0 0 |a HD58.7.   |b S285 1985 
100 1 |a Sathe Vijay 
245 1 0 |a Culture and related corporate realities   |c Sathe Vijay 
260 |a McGraw-Hill ,   |c 1985 
650 0 0 |a Corporate culture 
650 0 0 |a Organizational behaviour 
999 |a 0000002116   |b BOOK   |c Open Shelf   |e Default branch